Организационно-экономические подходы к развитию европейской высшей школы; Экономика образования; № 1

Dades bibliogràfiques
Parent link:Экономика образования.— , 2000-
№ 1.— 2011.— [С. 68-76]
Autor principal: Ищук Т. Л. Татьяна Леонидовна
Sumari:Заглавие с экрана
Рассматриваются организационно-экономические характеристики трансформации высшей школы стран Евросоюза с учетом требований Болонского соглашения. Выявлены тенденции, противоречия и перспективы дальнейшего развития европейского высшего образования.
Organizational and economic characteristic of transformation of a higher school in the European Union according to requirements of the Bologna Convention are considered in the article. Tendencies, contradictions and challenges for further development of European higher education are represented.
Режим доступа: по договору с организацией-держателем ресурса
Idioma:rus
Publicat: 2011
Matèries:
Accés en línia:http://elibrary.ru/item.asp?id=16443196
Format: Electrònic Capítol de llibre
KOHA link:https://koha.lib.tpu.ru/cgi-bin/koha/opac-detail.pl?biblionumber=640860

MARC

LEADER 00000naa0a2200000 4500
001 640860
005 20250311135033.0
035 |a (RuTPU)RU\TPU\network\5674 
035 |a RU\TPU\network\5305 
090 |a 640860 
100 |a 20150429d2011 k||y0rusy50 ca 
101 0 |a rus 
102 |a RU 
135 |a drcn ---uucaa 
181 0 |a i  
182 0 |a b 
200 1 |a Организационно-экономические подходы к развитию европейской высшей школы  |d Organizational and Economic Approaches to Development of European Higher School  |f Т. Л. Ищук 
203 |a Текст  |c электронный 
300 |a Заглавие с экрана 
320 |a [Библиогр.: с. 76 (15 назв.)] 
330 |a Рассматриваются организационно-экономические характеристики трансформации высшей школы стран Евросоюза с учетом требований Болонского соглашения. Выявлены тенденции, противоречия и перспективы дальнейшего развития европейского высшего образования. 
330 |a Organizational and economic characteristic of transformation of a higher school in the European Union according to requirements of the Bologna Convention are considered in the article. Tendencies, contradictions and challenges for further development of European higher education are represented. 
333 |a Режим доступа: по договору с организацией-держателем ресурса 
461 |t Экономика образования  |d 2000- 
463 |t № 1  |v [С. 68-76]  |d 2011 
510 1 |a Organizational and Economic Approaches to Development of European Higher School  |z eng 
610 1 |a электронный ресурс 
610 1 |a труды учёных ТПУ 
610 1 |a Болонский процесс 
610 1 |a реформы 
610 1 |a образование 
610 1 |a высшая школа 
610 1 |a Европейская модель 
700 1 |a Ищук  |b Т. Л.  |c экономист  |c профессор Томского политехнического университета, доктор экономических наук  |f 1946-  |g Татьяна Леонидовна  |3 (RuTPU)RU\TPU\pers\34313  |9 17822 
801 2 |a RU  |b 63413507  |c 20150429  |g RCR 
856 4 |u http://elibrary.ru/item.asp?id=16443196 
942 |c CF